Quizzes
Events
Quiz Creation
Community
Videos
Private Events
Remove Ads
Sign In
Join for FREE
Feedback
Dark Mode
Quiz Categories
Sports
Geography
Music
Movies
Television
Just For Fun
Miscellaneous
History
Literature
Language
Science
Gaming
Entertainment
Religion
Holiday
For Kids
Quiz Lab
Recent
Popular Today
Quiz Kudos Today
Editor Picks
Curator Picks
Quizzes by...
Day
Popularity
Type
Ratings
Length
Year
Community
Subscriptions
Recent Discussions
Orange Saloon
Badges
Playlists
Quests
Create
Leaderboards
Showdown
Live 5
Trivia Bingo
Activity
Puzzle Library
Sporcle Events
Private Events
Virtual Trivia
Globe League
Become a Host
Pub Owners
SporcleCon
Opinionation
Our Games
Videos
Blog
Mobile Apps
Partnerships
Remove Ads and Go Orange
Feedback
Miscellaneous
Crossword
General Knowledge
Baby Names
Logo
Food
Cars
Numbers
Grab Bag
University
College
Popular
Company
Slogans
Restaurants
Justice
Letter
Miscellaneous
Crossword
General Knowledge
Baby Names
Logo
Food
Cars
Numbers
Grab Bag
University
College
Popular
Company
Slogans
Restaurants
Justice
Letter
Random Quiz
Search Sporcle
×
Quiz Lab
Quiz Lab
Miscellaneous
One Piece
Type in answers that appear in a list
Type in answers that appear in a list
Classic
Best Score? Go Orange.
Name that One Piece Character! Stats
Can you name the Name that One Piece Character!?
By
THESAGEOF6PATHS
20m
70 Questions
1,090 Plays
1,090 Plays
1,090 Plays
Comments
Comments
Give Quiz Kudos
Give Quiz Kudos
-
- Ratings
hide this ad
Replay
Link that replays current quiz
Next Quiz
Link to next quiz in quiz playlist
You Got
0%
They Got
Avg Score
52%
Avg Friend Score
Upgrade to see
Score Distribution
Jump to the score distribution portion of the page
Score
0/70
Timer
20:00
0
Plays Today
Hint
One Piece Character
% Correct
Can stretch like rubber.
Luffy
95.5%
Is a cyborg in the Strawhat Pirates.
Franky
93.5%
The captain of a crew of clown-
like pirates.
Buggy
91.9%
Can make convincing replicas of himself out of wax with the help of Ms.Goldenweek.
Mr.3
88.9%
Reindeer Doctor for the Strawhat Pirates.
Tony Tony Chopper
88.9%
Can transform into another person just as long as he has touched their face.
Mr.2
88.4%
Perverted Skeleton.
Brook
88.4%
Has more than 2 hands.
Robin
86.8%
The Warden of Impel Down.
Magellan
83.1%
Amazing Sniper.
Usopp
80.9%
Perverted Chef.
Sanji
80%
Falls in love with Luffy.
Boa Hancock
78.7%
Leader of the Whitebeard Pirates.
Edward Newgate
78.1%
Lost his arm for Luffy.
Shanks
76.2%
Maker of 'New Kamaland',Can change a persons Gender.
Emperio Ivankov
75.3%
Original Pacifista and one of the 7 Warlords of the Sea.
Bartholomew Kuma
74.9%
Perverted Skeleton's 'pet' whale's name.
Laboon
73.7%
Who dies in PARAMOUNT WAR?
Ace
73.7%
Can use three swords at once.
Zolo
72.9%
Usopp's Father.
Yasopp
64.6%
Drake Pirates Captain.
X.Drake
64.2%
Bonney Pirates Captain.
Jewelry Bonney
63.1%
Octopus fritter shop owner and former Arlong Pirate.
Hatchan
62.7%
Heart Pirates Captain.
Trafalgar Law
62.6%
Leader of the Baroque Works.
Mr.0
62.4%
Whitebeard Pirates 1st division Leader.
Marco
61.4%
Former firstmate with Roger Pirates, and the Pirate King's right hand man.
Silvers Rayleigh
61.1%
One of the Seven Warlords of the Sea.
Jinbei
60.9%
The Devil Fruit Luffy ate is called this in Japanese.
Gomu-Gomu
60.4%
Kid Pirates Captain.
Eustass Kid
60.1%
Has GIANT sword.
Dracule
59.7%
Navy Headquarters Admiral.
Kizaru
59.3%
Can steal peoples shadows.
Gecko Moria
59.1%
Navy Fleet Admiral.
Sengoku
58.3%
Kid Pirates Fighter.
Killer
58.3%
Hint
One Piece Character
% Correct
The Zombie who posseses Luffy's Shadow.
The Beast
55.2%
Hawkins Pirates Captain.
Basil
55.1%
What is the name of the Robots that look like Bartholomew Kuma?
Pacifista
54%
Personal Doctor for the person who steals shadows.
Dr.Hogback
53.1%
Commander of Wild Zombies and Surprise Zombies.
Ghost Princess Perona
51.7%
Former member of the Baroque works.
Mr.1
50.6%
On-
Air Pirates Captain.
Scratchmen Apoo
50.3%
Fallen Monks Pirates Captain.
Urouge
50.1%
Commander of Zombie Soldiers and Zombie Generals.
Absalom of the Cemetery
49.2%
Firetank Pirates Captain.
Capone Bege
47%
Who is Helmeppo's father?
Axe-Hand Morgan
42.3%
Who made Franky a cyborg?
Dr. Vegapunk
41.9%
Whitebeard Pirates 3rd division Leader.
Jozu
41%
Leader of The Flying Fish Riders.
Iron Mask Duval
40.2%
Youngest of the Gorgon sisters.
Marigold
39.2%
Designer in training and octopus fritter shop clerk.
Camie
37.5%
The large Koala of Impel Down.
Minokoala
36.9%
Second of the Gorgon sisters.
Sandersonia
36.8%
Under Warden of Impel Down.
Hannyabal
36.3%
Head Jailer of Impel Down.
Shiryu
34.6%
What is the name of the character that appears randomly in crowds?
Panda-Man
33.6%
Navy Headquarters Science Team Leader and Dr.Vegapunk's body guard.
Sentomaru
32%
He believes power is everything.
Don Quixote
20.2%
Commander of the Blugori in Impel Down.
Saldeath
19.4%
Who is the Leader of the Mountain Bandits?
Higuma
16.8%
Revolutionary of the South Blue.
Inazuma
16.3%
Starfish and Designer of Criminal Brand.
Pappagu
16.2%
Navy Vice Admiral.
Momonga
15.6%
Security Chief of Impel Down.
Sadie
15.2%
Captain of the Blackbeard Pirates and one of The Seven Warlords of the Sea.
Marshall D. Teech
13.5%
The Zombie who posseses Zolo's shadow.
Jigoro of the Wind
13.1%
The Zombie who posseses Sanji's shadow.
Inuppe
11.5%
Bar Owner and Former Pirate.
Shakuyaku
11%
Former Empress of Amazon Lily.
Gloriosa
9.7%
The Zombie who posseses Brook's Shadow.
Samuri Ryuma
2.4%
Quiz Playlist
Details
Report
Send in Message
Add To Playlist
Classic:
Type in answers that appear in a list
Last Updated: Jan 29, 2019
Quiz Scoreboard
CHALLENGE
Sign Up to Join the Scoreboard
Show All
Scores
Hide
Comments
May contain spoilers
Recently Published
9x9 Crossword: Cartoon Network
by jackfrog10
Miscellaneous
3m
College Basketball Coaching Resumes
by pancakes188
Sports
9m
Billboard Blitz: Fleetwood Mac
by CooCooCachoo
Music
15s
More to Explore
Quiz From the Vault
Featured Blog Post
Where Did the Easter Bunny Come From?
hide this ad
You Might Also Like...
Tags
Character
Extra
One Piece
piece
Today's Top Quizzes in Miscellaneous
Browse Miscellaneous
hide this ad
Today's Top Quizzes in One Piece
Browse One Piece
Top Contributed Quizzes in Miscellaneous
1
5-to-1: Fast Food
2
The JOE quick-fire general knowledge quiz: Day 174
3
The JOE quick-fire general knowledge quiz: Day 173
4
5-to-1: Cocktails
5
The JOE quick-fire general knowledge quiz: Day 172
6
Sunday Crossword: Famous Bodies of Water
7
9x9 Crossword: Disney Movie Titles
8
The JOE quick-fire general knowledge quiz: Day 171
9
Named After an Animal - Odd One Out!
10
One Thing in Common: United Kingdom II
Explore More
Trending Topics
Anime
Crossword
Marvel
NBA
Kpop
Disney
Harry Potter
NFL
The Office
Pokémon
Country
WWE
Song
Soccer
Puzzle
hide this ad
More By:
THESAGEOF6PATHS
Quiz
Plays
Rating
Category
Featured
Created
Name that One Piece Character!
1,090
1.00
Miscellaneous
Jun 22, 2011
Name the Adventure Time Character!
958
1.33
Television
Jun 19, 2011
The Ultimate Naruto Quiz
904
1.33
Miscellaneous
Jun 17, 2011
Naruto Character Quiz 2
713
1.00
Miscellaneous
Jun 29, 2011
Spider-Man Villains
117
1.00
Miscellaneous
Jun 17, 2011
Go to Creator's Profile
Score Distribution
Quiz Creator Spotlight
THESAGEOF6PATHS
Follow
Send a Message
Quizzes Created
-
Created Quiz Play Count
-
More By This Creator
Popular Quizzes Today
1
Find the US States - No Outlines Minefield
2
Find the Countries of Europe - No Outlines Minefield
3
The Countries of the World
4
Find the US States
5
Risky Map Clicking: Biggest States A-Z
6
US States
7
Popular People in 1961
8
Movies - When Are They Set?
More Miscellaneous Quizzes
Mythology in Media: Harpy
Quiz Lab
Trending Quizzes
Risky Map Clicking: Least Populous States A-Z
1-10 Letter G Words
Risky Map Clicking: Next State Alphabetically
Adjectives in 80s TV Shows
The Seven Year Switch: Catherine
Recently Updated
Leaping Animals
pecheneg
Reality TV Shows (A-Z)
bhenderson79
Rickey Henderson's Hall of Fame Teammates
pecheneg
Champions League XIs: Arsenal
pecheneg
Quick Pick: Celebrities in WWE's Hall of Fame
aduchscher
A-Z Keypad Blitz II
pecheneg
Multiple Oscar Actors
pecheneg
Mystery Phrase Blitz: Oscar 'Best Actors'
pecheneg
F. Scott Fitzgerald Novels
LTH
Pick 3 Villains
ddd62291
Trending Topics
Kpop
Harry Potter
NBA
Anime
Crossword
Marvel
Disney
Song
WWE
Puzzle
Soccer
The Office
Country
Pokémon
NFL
Your Account Isn't Verified!
In order to create a playlist on Sporcle, you need to verify the email address you used during registration. Go to your
Sporcle Settings
to finish the process.
Report this User
Report this user for behavior that violates our
Community Guidelines
.
Details:
Send Report
Go to the Sporcle.com Mobile Site →
Comments